000 00657nam a2200253Ia 4500
003 OSt
005 20220918192725.0
006 a|||||r|||| 00| 0
007 ta
008 220917b |||||||| |||| 00| 0 eng d
024 _a69,852
037 _cTextual
040 _aARTS
_cARTS
_beng
041 _2eng
_aeng
082 _aR325, M7
100 _aPutnam Hilary
_911033
245 0 _aMany faces of realism
260 _aLasalle
_bOpen Court
_c1987
300 _a98p.
_ccm.
490 _aPaul Carus lectures; 16
500 _aNotes 87-97p; Includes index
942 _hR325, M7
_cTEXL
_2CC
999 _c195981
_d195981